Enseigner a’ communiquer en langue …

Đã lưu trong:
書目詳細資料
格式: 圖書
出版: 1990
標簽: 添加標簽
沒有標簽, 成為第一個標記此記錄!
Thư viện lưu trữ: Mạng thư viện Đại học Đà Nẵng
LEADER 00434nam a22001811a 4500
001 000036563
003 12858
005 20160408151553.0
008 160408s1990 000
082 |a 4P(07) 328 
245 |a Enseigner a’ communiquer en langue … 
260 |c 1990 
OWN |a LNN 
999 |a From the UDN01 
TYP |a Monograph 
980 |a Mạng thư viện Đại học Đà Nẵng